[Event "IV RC Sport Open"]
[Site "Ceska Trebova CZE"]
[Date "2008.08.09"]
[Round "3"]
[White "Novotny,M1"]
[Black "Voloshin,L"]
[Result "0-1"]
[WhiteElo "2282"]
[BlackElo "2449"]

1.d4 Nf6 2.c4 e6 3.Nc3 Bb4 4.Nf3 b6 5.Qb3 a5 6.Bg5 Bb7 7.e3 d6 8.Bd3 Nbd7
9.O-O-O Bxc3 10.Qxc3 h6 11.Bh4 Qe7 12.Rhg1 O-O-O 13.Nd2 g5 14.Bg3 Nh5 15.f3 Nxg3
16.hxg3 h5 17.Be4 h4 18.Rh1 Bxe4 19.fxe4 hxg3 20.Rxh8 Rxh8 21.Nf1 Qf6 22.Qd2 Qf2
23.Qxf2 gxf2 24.Rd2 Nf6 25.Rxf2 Nxe4 26.Rxf7 Rh1 27.Kc2 Rg1 28.g3 Rg2+ 29.Kc1 Kd8  0-1

[Event "5th Open"]
[Site "Kalamaria GRE"]
[Date "2008.08.09"]
[Round "8"]
[White "Stocek,J"]
[Black "Manik,M"]
[Result "1-0"]
[WhiteElo "2559"]
[BlackElo "2453"]

1.d4 Nf6 2.c4 e6 3.Nc3 Bb4 4.Nf3 d5 5.cxd5 exd5 6.Bg5 Nbd7 7.Rc1 h6 8.Bh4 c5
9.dxc5 Qa5 10.Qd4 Bxc5 11.Qd2 Bb4 12.a3 Bxc3 13.Qxc3 Qxc3+ 14.Rxc3 Ne4 15.Rc2 O-O
16.e3 Re8 17.Nd4 Nf8 18.f3 Nd6 19.Bg3 Ne6 20.Nxe6 Rxe6 21.Kd2 Nf5 22.Bf2 Bd7
23.Bd3 Nd6 24.b3 Rae8 25.a4 R6e7 26.Rc5 Be6 27.Rhc1 b6 28.Rc6 Rd8 29.Bb1 Nb7
30.Rc7 Rxc7 31.Rxc7 Nc5 32.Kc3 Ra8 33.Bc2 Na6 34.Rc6 Bd7 35.Rd6 Rc8+ 36.Kb2 Nb4
37.Bb1 Be6 38.Be1 Nc6 39.Bd3 Ne7 40.g4 Rb8 41.Bb4 Rf8 42.h3 Bc8 43.e4 dxe4
44.Bxe4 f5 45.gxf5 Kf7 46.Bd3 Nxf5 47.Rc6 Rd8 48.Bc4+ Ke8 49.Rc7 Bd7 50.Rxa7 Ne3
51.Bd3 Rc8 52.Bg6+ Kd8 53.Bf8 Nd1+ 54.Ka3 Rc3 55.Bxg7 Rxf3 56.Bxh6 Bxh3 57.Bh5 Rd3
58.Be2 Rd4 59.Bg7 Rd2 60.Bf6+ Kc8 61.Ba6+ Kb8 62.Rb7+ Ka8 63.Rh7 Bg2 64.Rh2 Ka7
65.Bb5 Rc2 66.Bd4 Rd2 67.Rh7+ Bb7 68.Rd7 Rc2 69.a5 Nc3 70.axb6+ Kb8 71.Be5+  1-0

[Event "Open"]
[Site "Ptuj SLO"]
[Date "2008.08.09"]
[Round "1"]
[White "Hiti,D"]
[Black "Krumpacnik,D"]
[Result "0-1"]
[WhiteElo "1804"]
[BlackElo "2376"]

1.d4 Nf6 2.c4 e6 3.Nc3 Bb4 4.Nf3 c5 5.e3 O-O 6.Bd3 b6 7.O-O Bb7 8.dxc5 Bxc3
9.bxc3 bxc5 10.Rb1 Qc7 11.Ba3 d6 12.Re1 Nbd7 13.e4 Rab8 14.Bc1 h6 15.Bf4 e5
16.Bg3 Bc6 17.Qc2 Qa5 18.Nd2 Nb6 19.f4 Nh5 20.Nb3 Qa3 21.f5 Qa4 22.Bh4 Nxc4
23.Bxc4 Qxc4 24.Be7 Rfe8 25.Bxd6 Rbd8 26.Bxc5 Nf6 27.Rbd1 Bxe4 28.Qf2 Ng4
29.Rxd8 Rxd8 30.Qh4 Rd2 31.Rxe4 Rxg2+ 32.Kxg2 Qxe4+ 33.Kh3 h5 34.Qxh5 Nf6
35.Qd1 Qxf5+ 36.Kg2 e4 37.Bf2 Nd5 38.Qd2 Qf3+ 39.Kg1 e3 40.Bxe3 Nxe3 41.Qd8+ Kh7
42.Qh4+ Kg6 43.Qg3+ Qxg3+ 44.hxg3 Kf5 45.Nd4+ Kg4 46.Nc6 Kxg3 47.Nxa7 f5
48.Nb5 f4 49.Nd6 f3 50.Ne4+ Kf4 51.Nd2 g5 52.Nf1 g4 53.a4 g3  0-1

[Event "Acropolis Open"]
[Site "Athens GRE"]
[Date "2008.08.10"]
[Round "2"]
[White "Papadopoulou,V"]
[Black "Nikolaidis,K"]
[Result "0-1"]
[WhiteElo "2210"]
[BlackElo "2279"]

1.d4 Nf6 2.c4 e6 3.Nc3 Bb4 4.Nf3 b6 5.Bg5 h6 6.Bh4 g5 7.Bg3 Bxc3+ 8.bxc3 d6
9.Nd2 Qe7 10.e4 e5 11.f3 Nbd7 12.Bd3 Nh5 13.Bf2 Nf4 14.Bf1 Qf6 15.Qa4 Bb7
16.c5 dxc5 17.dxc5 Bc6 18.Qc4 b5 19.Qb4 a5 20.Qb2 O-O 21.g3 Ne6 22.Bxb5 Rfb8
23.c4 Ndxc5 24.Qa3 Bxb5 25.cxb5 Rxb5 26.Qc3 Rd8 27.O-O Nd3 28.Be3 a4 29.Nc4 Nb4
30.a3 Nc6 31.Nd2 Ncd4 32.Qc4 Rb2 33.Rab1 Rxd2 34.Bxd2 Nxf3+ 35.Rxf3 Qxf3
36.Rf1 Qd3 37.Qxd3 Rxd3 38.Bc1 c5 39.Bb2 Nd4 40.Bxd4 exd4 41.Rf5 c4 42.Rc5 c3
43.Rc4 Rd2  0-1

[Event "Jirasek mem"]
[Site "Rakovnik CZE"]
[Date "2008.08.10"]
[Round "3"]
[White "Stocek,J"]
[Black "Lechtynsky,J"]
[Result "1-0"]
[WhiteElo "2559"]
[BlackElo "2451"]

1.d4 Nf6 2.c4 e6 3.Nc3 Bb4 4.Nf3 d5 5.cxd5 exd5 6.Bg5 c6 7.Qc2 Nbd7 8.e3 Be7
9.Bd3 O-O 10.h3 Re8 11.Bf4 Nf8 12.g4 Ng6 13.Bh2 Bb4 14.O-O-O Bxc3 15.Qxc3 Ne4
16.Qc2 Qf6 17.Qe2 Be6 18.Kb1 Rac8 19.Rhf1 c5 20.dxc5 Rxc5 21.Nd4 Ne5 22.g5 Qg6
23.Bxe5 Bxh3 24.Rh1 Rxe5 25.f4 Qb6 26.Bxe4 Rxe4 27.Rxh3 Qg6 28.Ka1 a6 29.a3  1-0

[Event "XXI Virxe Peregrina Open"]
[Site "Pontevedra ESP"]
[Date "2008.08.12"]
[Round "3"]
[White "Piasetski,L"]
[Black "Rusev,K"]
[Result "1/2-1/2"]
[WhiteElo "2314"]
[BlackElo "2508"]

1.d4 e6 2.c4 Nf6 3.Nc3 Bb4 4.Nf3 b6 5.Bg5 Bb7 6.Nd2 h6 7.Bh4 Bxc3 8.bxc3 g5
9.Bg3 d6 10.f3 Nbd7 11.e4 e5 12.Bf2 Qe7 13.Bd3 Nh5 14.g3 f5 15.Qe2 f4 16.g4 Ng7
17.h4 O-O-O 18.h5 Ne6 19.Nb3 c5 20.a4 a5 21.Qb2 Kc7 22.Ke2 Ra8 23.d5 Ng7
24.Rhb1 Rhb8 25.Rg1 Bc8 26.Nd2 Nf6 27.Kd1 Bd7 28.Kc2 Qe8 29.Qa2 Rb7 30.Be2 Kd8
31.Kd3 Ke7 32.Rgb1 Rab8 33.Nb3 Qc8 34.Rg1 Rc7 35.Nd2 Be8 36.Rh1 Qa6 37.Qb3 Kf8
38.Nb1 Qc8 39.Na3 Ke7 40.Nb5 Rcb7 41.Rh2 Bd7 42.Rg1 Qe8 43.Qd1 Qf7 44.Kc2 Rf8
45.Bd3 Rg8 46.Rgh1 Qf8 47.Rg1 Nge8 48.Qf1 Kf7 49.Be1 Kg7 50.Bd2 Kh8 51.Bc1 Ng7
52.Bd2 Qe7 53.Bc1 Be8 54.Rgh1 Bf7 55.Bd2 Rd7 56.Rh3 Qe8  1/2-1/2

[Event "Open A"]
[Site "Vladimir RUS"]
[Date "2008.08.12"]
[Round "1"]
[White "Babayan,A"]
[Black "Anoshkin,A1"]
[Result "0-1"]
[WhiteElo "2047"]
[BlackElo "2362"]

1.d4 Nf6 2.c4 e6 3.Nc3 Bb4 4.Nf3 b6 5.e3 Bb7 6.Be2 O-O 7.O-O Bxc3 8.bxc3 d6
9.Nd2 e5 10.Ba3 c5 11.f4 exf4 12.exf4 Qe7 13.Bf3 Qe3+ 14.Kh1 Nc6 15.Bb2 Rfe8
16.Qc2 Na5 17.Bxb7 Nxb7 18.Nb3 Qe2 19.Rf2 Qxc4 20.Nd2 Qe6 21.h3 Ne4 22.Nxe4 Qxe4
23.Qa4 Na5 24.f5 f6 25.Qb5 Re7 26.Raf1 Rae8 27.Bc1 Qc6 28.Qxc6 Nxc6 29.dxc5 dxc5
30.g4 Re2 31.Bf4 Rxf2 32.Rxf2 Kf7 33.Kg2 Rd8 34.Re2 Rd3 35.Re6 Nd8 36.Rd6 Rxd6
37.Bxd6 Ke8 38.Kf3 Nf7 39.Bf4 Kd7 40.Ke4 Kc6 41.h4 a6 42.c4 b5 43.cxb5+ axb5
44.Bc1 Nd6+ 45.Kf4 Kd5 46.g5 c4 47.h5 fxg5+ 48.Kxg5 Ne4+ 49.Kf4 c3 50.Be3 c2  0-1

[Event "35th Open"]
[Site "Manresa ESP"]
[Date "2008.08.15"]
[Round "4"]
[White "Sundararajan,K"]
[Black "Bruzon Batista,L"]
[Result "0-1"]
[WhiteElo "2446"]
[BlackElo "2592"]

1.d4 Nf6 2.c4 e6 3.Nc3 Bb4 4.Nf3 b6 5.Bg5 h6 6.Bxf6 Bxc3+ 7.bxc3 Qxf6 8.e4 d6
9.c5 dxc5 10.Bb5+ c6 11.Bd3 Qe7 12.O-O O-O 13.e5 Ba6 14.Re1 Bxd3 15.Qxd3 Rd8
16.Qe4 Na6 17.Qxc6 Rac8 18.Qa4 Qb7 19.Rab1 cxd4 20.cxd4 Nc7 21.Nd2 Nd5 22.Ne4 Nc3
23.Nxc3 Rxc3 24.h3 Qc7 25.Re3 Rc4 26.Rb4 Rdxd4 27.Rxc4 Rxc4 28.Qe8+ Kh7 29.Rg3 Rf4
30.Rg4 Qc1+ 31.Kh2 Rxf2 32.Qf8 g5  0-1

[Event "VII Open"]
[Site "Ortigueira ESP"]
[Date "2008.08.15"]
[Round "6"]
[White "Petkov,V"]
[Black "Dgebuadze,A"]
[Result "0-1"]
[WhiteElo "2423"]
[BlackElo "2562"]

1.d4 Nf6 2.c4 e6 3.Nc3 Bb4 4.Nf3 b6 5.Bg5 h6 6.Bh4 g5 7.Bg3 Ne4 8.Qc2 Bb7
9.d5 Bxc3+ 10.bxc3 Nxg3 11.hxg3 exd5 12.Qf5 Qe7 13.cxd5 Na6 14.Qxg5 Qxg5
15.Nxg5 Bxd5 16.e4 Bb7 17.Bc4 f6 18.Nf7 Rh7 19.Nxh6 O-O-O 20.Rh4 Nc5 21.f3 d5
22.exd5 Bxd5 23.Bxd5 Rxd5 24.Ng8 Rf7 25.Rd1 Rg5 26.Nh6 Re7+ 27.Kf2 Rge5 28.Rd2 Re1
29.g4 Rc1 30.Nf5 Rf7 31.Rh8+ Kb7 32.Nh6 Rd7 33.Rxd7 Nxd7 34.Rh7 Kc6 35.Ng8 Kd6
36.Rf7 Ke6 37.Re7+ Kd6 38.Re3 Rc2+ 39.Kg3 Rxa2 40.f4 Rd2 41.f5 Kc5 42.Re6 Rd6
43.Kh4 a5 44.g5 fxg5+ 45.Kxg5 a4 46.Re8 a3 47.Ra8 Rd2 48.g4 a2 49.f6 Kc4
50.Ra3 Rd5+ 51.Kg6 Ra5 52.Rxa2 Rxa2 53.g5 Rf2 54.Kf7 b5 55.Ne7 c5 56.Ke6 Nf8+
57.Kf7 Nh7 58.Kg6 Rh2 59.f7 Kxc3 60.Nd5+ Kd4 61.Nc7 b4 62.Kg7 b3 63.g6 b2
64.Nb5+ Ke5 65.Nc3 Ng5 66.Kg8 Nxf7 67.gxf7 Rg2+ 68.Kh7 Rf2 69.Kg7 c4 70.f8=Q Rxf8
71.Kxf8 Kd4  0-1

[Event "Open A"]
[Site "Vladimir RUS"]
[Date "2008.08.15"]
[Round "4"]
[White "Romanko,M"]
[Black "Trifonov,P"]
[Result "1/2-1/2"]
[WhiteElo "2374"]
[BlackElo "2213"]

1.d4 Nf6 2.c4 e6 3.Nc3 Bb4 4.Nf3 b6 5.Bg5 Bb7 6.Nd2 h6 7.Bh4 c5 8.d5 Bxc3
9.bxc3 exd5 10.cxd5 Bxd5 11.e4 g5 12.exd5 Qe7+ 13.Be2 gxh4 14.O-O O-O 15.Bf3 Qe5
16.Re1 Qg5 17.h3 d6 18.Ne4 Nxe4 19.Rxe4 f5 20.Re6 Nd7 21.Rxd6 Ne5 22.Re6 Ng6
23.Kh1 Nf4 24.Re3 Rad8 25.Qa4 Rd6 26.Rae1 Rg6 27.Re8 Rxe8 28.Rxe8+ Kh7 29.Qxa7+ Rg7
30.Qb8 Ng6 31.Re1 Qd2 32.Rf1 Qxc3 33.Qxb6 c4 34.Qe6 Qc2 35.Qe2 Qc3 36.d6 Nf4  1/2-1/2

[Event "ch-Euro Seniors"]
[Site "Davos SUI"]
[Date "2008.08.17"]
[Round "9"]
[White "Cebalo,M"]
[Black "Butnorius,A"]
[Result "1/2-1/2"]
[WhiteElo "2523"]
[BlackElo "2442"]

1.d4 Nf6 2.c4 e6 3.Nc3 Bb4 4.Nf3 b6 5.Bg5 Bb7 6.Nd2 h6 7.Bh4 c5 8.a3 Bxc3
9.bxc3 d6 10.f3 Nc6 11.e3 Qe7 12.Bd3 g5 13.Bf2 Nh5 14.Qc2 O-O-O 15.a4 f5
16.d5 Ne5 17.a5 f4 18.Be4 exd5 19.cxd5 g4 20.Kd1 Kc7 21.Re1 Rhg8 22.Qb3 Rb8
23.axb6+ axb6 24.Kc2 gxf3 25.Reb1 Nd7 26.gxf3 Rg2 27.Bg1 Nhf6 28.Qc4 Nxe4
29.fxe4 f3 30.Rf1 Rbg8 31.Bf2 Rxh2 32.Ra7 Kb8 33.Rfa1 Ne5 34.Qa4 Qh7 35.Ra8+ Kc7
36.Ra7 Kb8 37.Ra8+ Kc7 38.Ra7  1/2-1/2

[Event "GM"]
[Site "Vienna AUT"]
[Date "2008.08.17"]
[Round "2"]
[White "Beckhuis,G"]
[Black "Chatalbashev,B"]
[Result "1/2-1/2"]
[WhiteElo "2353"]
[BlackElo "2596"]

1.d4 Nf6 2.c4 e6 3.Nc3 Bb4 4.Nf3 c5 5.g3 Ne4 6.Qd3 Qa5 7.Qxe4 Bxc3+ 8.Bd2 Bxd2+
9.Nxd2 Nc6 10.dxc5 b6 11.Bg2 Bb7 12.Qf4 bxc5 13.O-O Nd4 14.Rfe1 Bxg2 15.Nb3 Nxb3
16.axb3 Qb6 17.Kxg2 Qxb3 18.Qd6 Qxc4 19.Red1 Qb5 20.Kg1 h5 21.h4 a5 22.Rd3 c4
23.Rd4 a4 24.Rad1 Rd8 25.R1d2 Rh6 26.Qc7 d5 27.e4 Qd7 28.Qa5 Kf8 29.exd5 e5
30.Rxc4 Rd6 31.Rc7 Qe8 32.Ra7  1/2-1/2

[Event "5th DA Tan Malaysian Open"]
[Site "Kuala Lumpur MAS"]
[Date "2008.08.18"]
[Round "2"]
[White "Nanjo,R"]
[Black "Pereira,Joh"]
[Result "1-0"]
[WhiteElo "2184"]
[BlackElo "1942"]

1.d4 Nf6 2.c4 e6 3.Nc3 Bb4 4.Nf3 b6 5.Qb3 Qe7 6.Bg5 Bb7 7.e3 h6 8.Bxf6 gxf6
9.Be2 Nc6 10.O-O a6 11.a3 Bxc3 12.Qxc3 Rg8 13.e4 Qf8 14.Rfe1 Qg7 15.Bf1 Ne7
16.Rad1 Qg4 17.d5 d6 18.Qxf6 e5 19.Nd2 Ng6 20.Qf3 Qh4 21.Qg3 Qf6 22.b4 O-O-O
23.c5 Kb8 24.cxb6 cxb6 25.Qe3 Nf4 26.g3 Ka7 27.Nc4 Ng6 28.Qxb6+ Ka8 29.Na5 Rd7
30.Nc6 Bxc6 31.Qxc6+  1-0

[Event "ch-SLO"]
[Site "Ljubljana SLO"]
[Date "2008.08.19"]
[Round "4"]
[White "Lenic,L"]
[Black "Zorko,Ju"]
[Result "1/2-1/2"]
[WhiteElo "2584"]
[BlackElo "2366"]

1.d4 Nf6 2.c4 e6 3.Nc3 Bb4 4.Nf3 b6 5.Bg5 Bb7 6.Nd2 h6 7.Bh4 c5 8.d5 Bxc3
9.bxc3 d6 10.e4 e5 11.Bd3 Nbd7 12.f3 Nf8 13.Bf2 g5 14.Nf1 Bc8 15.Ne3 Rg8
16.Bc2 Ng6 17.Ba4+ Kf8 18.Qd2 g4 19.Nxg4 Bxg4 20.fxg4 Nf4 21.O-O-O Nxe4 22.Qe3 Nxc3
23.g3  1/2-1/2

[Event "Independence Cup A"]
[Site "Kyiv UKR"]
[Date "2008.08.20"]
[Round "8"]
[White "Moiseev,Ig"]
[Black "Melnichuk,M"]
[Result "0-1"]
[WhiteElo "2228"]
[BlackElo "2290"]

1.d4 Nf6 2.c4 e6 3.Nf3 Bb4+ 4.Nc3 b6 5.g3 Bb7 6.Bg2 Bxc3+ 7.bxc3 O-O 8.O-O d6
9.Bg5 h6 10.Bxf6 Qxf6 11.Qc2 Nc6 12.Nd2 Na5 13.Bxb7 Nxb7 14.Qa4 Qe7 15.Qa6 c5
16.Nb3 Rfc8 17.a4 Rc7 18.Rfc1 Qd7 19.a5 Nxa5 20.Nxa5 bxa5 21.Rxa5 Rc6 22.Qb5 Qc7
23.Ra6 Rxa6 24.Qxa6 Rb8 25.Ra1 Rb3 26.Qxa7 Qxa7 27.Rxa7 Rxc3 28.dxc5 dxc5
29.Ra8+ Kh7 30.Ra4 Kg6 31.Kf1 Rc1+ 32.Kg2 Kf5 33.Kf3 Rc3+ 34.e3 Ke5 35.g4 g5
36.h3 f6 37.Ke2 Rc2+ 38.Kf3 Rc1 39.Ke2 Rc2+ 40.Kf3 f5 41.Kg2 f4 42.Kf3 fxe3
43.fxe3 Rc1 44.Kf2 Ke4 45.Ra6 Rc2+ 46.Kg3 e5 47.Rxh6 Re2 48.Rg6 Rxe3+ 49.Kg2 Re2+
50.Kg3 Kd4 51.Rxg5 e4 52.h4 e3 53.h5 Re1 54.Kf3 Rf1+ 55.Ke2 Rf2+ 56.Ke1 Rh2
57.Rg6 Kd3 58.Rd6+ Ke4 59.Rf6 Rh4 60.h6 Rxg4 61.h7 Rh4 62.Rf7 Kd3 63.Rd7+ Kxc4
64.Ke2 Rh3 65.Rd3 Rxh7 66.Rxe3 Rd7 67.Rf3 Kb4 68.Rd3 Rxd3 69.Kxd3 Kb3 70.Kd2 c4
71.Kc1 Kc3  0-1

[Event "GM"]
[Site "Vienna AUT"]
[Date "2008.08.20"]
[Round "5"]
[White "Chatalbashev,B"]
[Black "Schneider Zinner,H"]
[Result "1-0"]
[WhiteElo "2596"]
[BlackElo "2378"]

1.d4 Nf6 2.c4 e6 3.Nc3 Bb4 4.Nf3 c5 5.g3 O-O 6.Bg2 cxd4 7.Nxd4 d5 8.Qb3 Qa5
9.O-O Nc6 10.Nc2 Bxc3 11.Qxc3 Qxc3 12.bxc3 dxc4 13.Ne3 Rd8 14.Nxc4 Nd5 15.Rd1 Nxc3
16.Rxd8+ Nxd8 17.Bb2 Nd5 18.Rd1 f5 19.Ne3 a5 20.Bxd5 exd5 21.Nxd5 Nf7 22.Nc7 Rb8
23.Ne8 a4 24.Nxg7 a3 25.Bd4 b5 26.Nh5 Ng5 27.Be5 Ra8 28.h4 Nf7 29.Bc3 Be6
30.Nf6+ Kg7 31.Nd5+ Kg8 32.Nf6+ Kg7 33.Nd5+ Kg8 34.Nc7 Rc8 35.Nxe6 Rxc3 36.Rd5 Rc6
37.Nd4 Rd6 38.Nxf5 Rxd5 39.Ne7+ Kf8 40.Nxd5 Ne5 41.f4 Nc6 42.Kf2 b4 43.Ke3 b3
44.Nc3 b2 45.Nb1 Nb4 46.Kd2 Nxa2 47.Nxa3 Nb4 48.Kc3 Nd5+ 49.Kxb2 Ne3 50.Nc2 Nf5
51.g4 Nxh4 52.Kc3  1-0

[Event "GM"]
[Site "Vienna AUT"]
[Date "2008.08.24"]
[Round "9"]
[White "Timoshenko,G"]
[Black "Neubauer,M"]
[Result "1-0"]
[WhiteElo "2572"]
[BlackElo "2457"]

1.d4 Nf6 2.c4 e6 3.Nc3 Bb4 4.Nf3 c5 5.g3 cxd4 6.Nxd4 Ne4 7.Bd2 Bxc3 8.Bxc3 Nxc3
9.bxc3 a6 10.Bg2 Qc7 11.Qa4 Nc6 12.c5 Rb8 13.O-O O-O 14.Rab1 Qe5 15.Qc4 Rd8
16.Rfd1 d5 17.cxd6 Qxd6 18.Bxc6 bxc6 19.Qxc6 Rxb1 20.Rxb1 Qxc6 21.Nxc6 Re8
22.f3 g5 23.Kf2 Kg7 24.e4 e5 25.Rb8 Kf6 26.Nb4 Ke7 27.Nd5+ Kd6 28.Rb6+  1-0

[Event "3rd NH"]
[Site "Amsterdam NED"]
[Date "2008.08.28"]
[Round "8"]
[White "Wang Yue"]
[Black "Jussupow,Ar"]
[Result "1-0"]
[WhiteElo "2704"]
[BlackElo "2587"]

1.d4 Nf6 2.c4 e6 3.Nc3 Bb4 4.Nf3 O-O 5.Bg5 d6 6.e3 Nbd7 7.Qc2 Qe7 8.Be2 Re8
9.O-O Bxc3 10.bxc3 e5 11.Nd2 h6 12.Bh4 Nf8 13.Ne4 g5 14.Nxf6+ Qxf6 15.Bg3 Bf5
16.Qb3 b6 17.Rad1 Qg6 18.Rd2 Nd7 19.f3 e4 20.f4 g4 21.Qa3 Qe6 22.Qa6 Nf8
23.Bd1 Qc8 24.Qa3 Ng6 25.c5 d5 26.Bb3 Rd8 27.c4 c6 28.cxd5 cxd5 29.Rc1 Qb7
30.Rdc2 Rac8 31.Qb4 h5 32.Qb5 h4 33.Be1 Rc6 34.cxb6 Rxb6 35.Qa5 Rd7 36.Ba4 Ra6
37.Qb5 Qxb5 38.Bxb5 Ra3 39.Bxd7 Bxd7 40.Rc5 Be6 41.f5 Bxf5 42.Rxd5 Be6 43.Rd8+ Kh7
44.Bc3 h3 45.d5 Bf5 46.Rc2 Kh6 47.d6 hxg2 48.Kxg2 Kg5 49.Kg3 Be6 50.d7 a6
51.Bd4 Rd3 52.Rc6  1-0

[Event "16th Nikea Open"]
[Site "Athens GRE"]
[Date "2008.08.28"]
[Round "4"]
[White "Samaras,E"]
[Black "Panagiotakos,N"]
[Result "0-1"]
[WhiteElo "1895"]
[BlackElo "2125"]

1.d4 Nf6 2.c4 e6 3.Nc3 Bb4 4.Nf3 O-O 5.Bg5 d5 6.e3 Nbd7 7.Bd3 dxc4 8.Bxc4 c5
9.O-O Qe7 10.a3 Bxc3 11.bxc3 h6 12.Bh4 b6 13.Ne5 Qd6 14.Bg3 Nxe5 15.Bxe5 Qe7
16.Qf3 Bb7 17.Bxf6 gxf6 18.d5 Kh7 19.d6 Bxf3 20.dxe7 Rg8 21.g3 Rge8 22.Rfe1 Rxe7
23.Kf1 Rd8 24.Bb5 Rd2 25.a4 Rc7 26.a5 Rc8 27.axb6 axb6 28.Be2 Be4 29.Red1 Rc2
30.f3 Bg6 31.Rac1 Rxc1 32.Rxc1 Ra8 33.h4 Ra3 34.e4 Kg7 35.Ke1 f5 36.e5 f4
37.g4 f6 38.Bc4 fxe5 39.Bxe6 Bf7 40.Bxf7 Kxf7 41.Kd2 c4 42.Rb1 Rb3 43.Ra1 Rb2+
44.Ke1 Rc2 45.Ra7+ Ke6 46.Ra6 Rxc3 47.Rxb6+ Kd5 48.Kf2 Rc2+ 49.Ke1 Kd4 50.Rxh6 Ke3
51.Kd1 Rd2+ 52.Kc1 Rg2 53.Re6 Kxf3 54.Rxe5 Rxg4 55.Rc5 Rxh4 56.Rxc4 Rh8 57.Kd1 Re8
58.Rc3+ Kg2 59.Rc2+ Kg3  0-1

[Event "2nd Open"]
[Site "Urumia IRI"]
[Date "2008.08.28"]
[Round "5"]
[White "Babujian,L"]
[Black "Ibrahimov,R"]
[Result "1-0"]
[WhiteElo "2415"]
[BlackElo "2537"]

1.d4 Nf6 2.c4 e6 3.Nc3 Bb4 4.Nf3 c5 5.g3 cxd4 6.Nxd4 Ne4 7.Qd3 Nxc3 8.bxc3 Be7
9.Bg2 a6 10.O-O Qc7 11.Rd1 d6 12.Nb3 O-O 13.Rb1 Nc6 14.Ba3 Rd8 15.Nd2 b5
16.Be4 g6 17.Bg2 Rb8 18.cxb5 axb5 19.c4 bxc4 20.Qxc4 d5 21.Qc3 Bxa3 22.Qxa3 Bd7
23.Rxb8 Rxb8 24.Nb3 Be8 25.Rc1 Qb6 26.e3 Ne5 27.Qe7 Qd8 28.Qa7 Ra8 29.Qd4 Nc6
30.Qb2 Na5 31.Nc5 Rc8 32.Qb4 Nc4 33.e4 Qd6 34.Nd3 dxe4 35.Qxd6 Nxd6 36.Rxc8 Nxc8
37.Bxe4 Kf8 38.f4 Ke7 39.Kf2 Kd6 40.Ke3 Bb5 41.Kd4 f6 42.Kc3 Ne7 43.Kb4 f5
44.Bxf5 Ba6 45.Be4 Nd5+ 46.Bxd5 Kxd5 47.Nc5 Bf1 48.Nd7 h6 49.Kc3 Ke4 50.Nc5+ Kf5
51.Kd4 g5 52.fxg5 hxg5 53.a4 Kg4 54.Nxe6 Kh3 55.Nxg5+ Kxh2 56.Ne4 Kh3 57.Ke3 Bg2
58.Kf4  1-0

[Event "28th Open"]
[Site "Bratto ITA"]
[Date "2008.08.30"]
[Round "9"]
[White "Efimov,Ig"]
[Black "Leon Hoyos,M"]
[Result "1/2-1/2"]
[WhiteElo "2458"]
[BlackElo "2543"]

1.Nf3 Nf6 2.c4 e6 3.Nc3 Bb4 4.d4 b6 5.Bd2 Bb7 6.e3 O-O 7.Bd3 d5 8.O-O Nbd7
9.Nxd5 Nxd5 10.cxd5 Bxd2 11.dxe6 Bxf3 12.gxf3 Bxe3 13.exf7+ Kh8 14.fxe3 Qg5+
15.Kh1 Qxe3 16.Bc4 Nf6 17.Re1 Qf4 18.Qd3 Rad8 19.Rad1 Nd5 20.Re5 Qxf7 21.Qe4 c6
22.Rd3 Qf4 23.Bxd5 Qc1+ 24.Qe1 Qxe1+ 25.Rxe1 Rxd5 26.Re7 a5 27.Re5 Rd6 28.Kg2 h6
29.Kf2 Rfd8 30.Ke3 Kg8 31.a4 Kf7 32.Rb3 Rxd4 33.Rxb6 Rd1 34.Rxc6 Kg8 35.Rc2 Re1+
36.Re2 Rh1 37.Kf4 Rd4+ 38.R5e4 Rd6 39.Kg3 Rb1 40.Re8+ Kh7 41.R8e5 Ra6 42.h4 Rg1+
43.Kf2 Rh1 44.h5 Rh4 45.b3 Rd6 46.R2e4 Rh2+ 47.Kg3 Rb2 48.Re7 Rdd2 49.Rb7 Rg2+
50.Kf4 Rg5 51.Re5 Rxe5 52.Kxe5 Rh2 53.Rb5 Rxh5+ 54.Ke4 g6 55.Ke3 Kg7 56.f4 Rh3+
57.Ke4 h5 58.f5 g5 59.Rb7+ Kf6 60.Rb6+ Kf7 61.Rb7+ Kf6 62.Rb6+ Kf7  1/2-1/2

[Event "XVI Open"]
[Site "Albacete ESP"]
[Date "2008.09.02"]
[Round "3"]
[White "Serna Lara,S"]
[Black "Suba,M"]
[Result "1/2-1/2"]
[WhiteElo "2247"]
[BlackElo "2507"]

1.d4 Nf6 2.c4 e6 3.Nc3 Bb4 4.Nf3 c5 5.g3 O-O 6.Bg2 cxd4 7.Nxd4 d5 8.cxd5 Nxd5
9.Qb3 Nc6 10.Nxc6 bxc6 11.O-O Rb8 12.Qc2 Ba6 13.Rd1 Qa5 14.Bd2 h6 15.e4 Nxc3
16.Bxc3 Bxc3 17.bxc3 Qa3 18.Rab1 Bc4 19.Rxb8 Rxb8 20.Rd2 e5 21.Bf1 Be6 22.Kg2 a5
23.Be2 Qc5 24.h3 a4 25.Qxa4 Qxc3 26.Qc2 Qa1 27.Bg4 Bxg4 28.hxg4 g6 29.Rd7 Rb2
30.Qxc6 Qxa2 31.Qf6 Rb8 32.Qxe5 Rf8 33.Qd4 Qa6 34.e5 Re8 35.Rd8 Rxd8 36.Qxd8+ Kg7
37.Qd4 Qc6+ 38.Kg1 Kg8 39.Qe3 Qd5 40.Qf4 Qd1+ 41.Kh2 Qd5 42.Qf6 Qd4 43.Qf4 Qd5
44.g5 h5  1/2-1/2

[Event "XVI Open"]
[Site "Albacete ESP"]
[Date "2008.09.02"]
[Round "3"]
[White "Cabrera,Ale"]
[Black "Machado Hernandez,J"]
[Result "0-1"]
[WhiteElo "2513"]
[BlackElo "1975"]

1.d4 Nf6 2.c4 e6 3.Nf3 Bb4+ 4.Nc3 c5 5.g3 b6 6.Bg2 Bb7 7.O-O O-O 8.d5 Bxc3
9.bxc3 exd5 10.Nh4 Ne4 11.cxd5 Nf6 12.e4 Re8 13.Nf5 d6 14.Bf4 Nxe4 15.Re1 Nf6
16.Nxd6 Rxe1+ 17.Qxe1 Bxd5 18.Rd1 Bxg2 19.Nb7 Qf8 20.Rd8 Bxb7 21.Rxf8+ Kxf8
22.Qe5 Nbd7 23.Qd6+ Kg8 24.g4 Re8 25.Kf1 Nf8 26.g5 Nd5 27.Bd2 Re6 28.Qb8 Ba6+
29.Kg2 Re2 30.Bf4 Nxf4+ 31.Qxf4 Bb7+ 32.Kg3 Rxa2 33.h4 g6 34.Qe5 Bc6 35.Qe3 Bd5
36.Qe1 Be6 37.Kf4 Nd7 38.Kg3 Ra4 39.f3 Rc4 40.Qd2 a5 41.f4 Ra4 42.Qc2 Ra1
43.h5 Rg1+ 44.Kh2 Rg4 45.Qf2 gxh5 46.f5 Bd5 47.Qe1 Rxg5 48.Qe7 Rg2+ 49.Kh3 Nf8
50.Qd6 Be4 51.Qh6 Rg1 52.Kh2 Rh1+ 53.Kg3 Bxf5 54.Kf4 Bg6 55.Ke5 Rf1 56.c4 a4
57.Qe3 h4 58.Qh3 Rf5+ 59.Ke4 Rh5+ 60.Kf3 a3 61.Kg2 a2 62.Qa3 Bb1 63.Kh3 Ng6
64.Qc3 Re5 65.Kh2 Re2+ 66.Kg1 h3 67.Kf1 Rc2 68.Qa3 h2 69.Qa8+ Kg7 70.Qf3 a1=Q  0-1

[Event "5th LGA Premium Cup"]
[Site "Nuernberg GER"]
[Date "2008.09.04"]
[Round "1"]
[White "Unzicker,F"]
[Black "Holland,A"]
[Result "1-0"]
[WhiteElo "2308"]
[BlackElo "1923"]

1.d4 Nf6 2.c4 e6 3.Nc3 Bb4 4.Nf3 c5 5.g3 Qc7 6.Qd3 d5 7.Bf4 Qb6 8.cxd5 Nxd5
9.Bd2 Nc6 10.a3 cxd4 11.Nxd5 Bxd2+ 12.Qxd2 exd5 13.Bg2 O-O 14.O-O Bf5 15.Rfd1 d3
16.exd3 d4 17.Rac1 Rfe8 18.Nh4 Bg4 19.Re1 Be6 20.h3 Re7 21.Qg5 f6 22.Qc5 Qxc5
23.Rxc5 Ne5 24.Rc2 g5 25.Nf3 Nxd3 26.Re4 f5 27.Rxd4 Bb3 28.Rc3  1-0

[Event "SuperLiga-ROM"]
[Site "Eforie Nord ROM"]
[Date "2008.09.05"]
[Round "5"]
[White "Rogozenco,D"]
[Black "Baratosi,D"]
[Result "1-0"]
[WhiteElo "2541"]
[BlackElo "2433"]

1.d4 Nf6 2.c4 e6 3.Nc3 Bb4 4.Nf3 d5 5.cxd5 exd5 6.Bg5 Nbd7 7.e3 c5 8.Bd3 Qa5
9.Qc2 c4 10.Bf5 O-O 11.O-O Re8 12.Nd2 g6 13.Bh3 Kg7 14.Rae1 Ne4 15.Ndxe4 dxe4
16.Bf4 g5 17.Bg3 h5 18.Bxd7 Bxd7 19.h4 gxh4 20.Bxh4 Qf5 21.f3 exf3 22.Qxf5 Bxf5
23.gxf3 Bd3 24.Rf2 Re6 25.e4 Ba5 26.Rg2+ Kh7 27.Kf2 Rg8 28.Rxg8 Kxg8 29.Rg1+ Kf8
30.Ke3 Bxc3 31.bxc3 Rg6 32.Rxg6 fxg6 33.d5 Ke8 34.Kd4 Be2 35.f4 Kd7 36.e5 Bd3
37.a3 b6 38.Bg3 Ke7 39.e6 h4 40.Bxh4+ Kd6 41.Bg3 Bf5 42.Kxc4  1-0

[Event "7th Open"]
[Site "Izmir TUR"]
[Date "2008.09.05"]
[Round "8"]
[White "Purtseladze,M"]
[Black "Atalik,S"]
[Result "0-1"]
[WhiteElo "2300"]
[BlackElo "2585"]

1.d4 Nf6 2.c4 e6 3.Nc3 Bb4 4.Nf3 d5 5.cxd5 exd5 6.Qa4+ Nc6 7.Bd2 O-O 8.a3 Bxc3
9.bxc3 Ne4 10.e3 Bg4 11.h3 Bh5 12.Qc2 Re8 13.Bd3 Qf6 14.Be2 Na5 15.O-O Nxd2
16.Qxd2 Nb3 17.Qa2 Nxa1 18.Qxd5 Bxf3 19.Bxf3 Nc2 20.Qb3 Qg6 21.Rc1 Nxe3 22.fxe3 Qg5
23.Rf1 Qxe3+ 24.Kh1 Rf8 25.Qxb7 Qxc3 26.Qa6 Rad8 27.d5 Qc5 28.a4 Rfe8 29.Qc6 Qxc6
30.dxc6 Rb8 31.Rd1 Red8 32.Re1 Kf8 33.Re5 Rb6 34.Kh2 a6 35.Kg3 Rd4 36.Ra5 Rbb4
37.Rh5 g6 38.Rf5 gxf5  0-1

[Event "5th LGA Premium Cup"]
[Site "Nuernberg GER"]
[Date "2008.09.05"]
[Round "3"]
[White "Unzicker,F"]
[Black "Heinemann,T"]
[Result "0-1"]
[WhiteElo "2308"]
[BlackElo "2485"]

1.d4 Nf6 2.c4 e6 3.Nc3 Bb4 4.Nf3 O-O 5.Bg5 c5 6.Rc1 cxd4 7.Nxd4 a6 8.a3 Be7
9.e3 h6 10.Bh4 b6 11.Be2 Bb7 12.O-O Qc7 13.Bg3 d6 14.b4 Nbd7 15.Qb3 Rfe8
16.Rc2 Rac8 17.Rfc1 Qb8 18.f3 Nh5 19.Bf2 Bd8 20.Kh1 Nhf6 21.Qa2 Be7 22.Nb3 Ne5
23.Nd2 Bd8 24.Qb1 Ned7 25.Nb3 Ne5 26.Nd2 Be7 27.Qa2 Ba8 28.Bg1 Rc7 29.Na4 Ned7
30.Nb3 Bf8 31.Bf2 Rec8 32.Qb1 Qb7 33.Qa2 Be7 34.Bg1 Bf8 35.Bf2 Ng4 36.Bg1 Nge5
37.Nd2 h5 38.Ne4 Be7 39.Qb1 Rc6 40.Nd2 R6c7 41.Ne4 g5 42.Qb3 g4 43.Nb2 Nf6
44.Nd2 Nh7 45.Nd3 Ng6 46.Ne1 Nf6 47.Qd3 a5 48.Qd4 axb4 49.axb4 e5 50.Qa1 d5
51.c5 bxc5 52.Ba6 Qb8 53.Bxc8 Qxc8 54.bxc5 Bc6 55.Nd3 gxf3 56.gxf3 d4 57.e4 Qh3
58.Nf2 Qh4  0-1

[Event "17th CRO-chT 1a"]
[Site "Sibenik CRO"]
[Date "2008.09.05"]
[Round "9"]
[White "Pinter,J"]
[Black "Jankovic,A"]
[Result "1/2-1/2"]
[WhiteElo "2535"]
[BlackElo "2532"]

1.d4 Nf6 2.c4 e6 3.Nc3 Bb4 4.Nf3 b6 5.Bg5 h6 6.Bh4 g5 7.Bg3 Ne4 8.Qc2 Bb7
9.e3 Bxc3+ 10.bxc3 d6 11.Bd3 f5 12.d5 Nd7 13.Nd4 Ndc5 14.dxe6 Qf6 15.f3 Nxd3+
16.Qxd3 f4 17.exf4 Nc5 18.Qc2 gxf4 19.Bf2 O-O-O 20.O-O-O  1/2-1/2